Представление документа в формате RUSMARC

ПолеНазваниеЗначение
  Тип записи a
  Библиографический уровень m
001 Контрольный номер RU/REG73/CBS_GRAD2/669904048
005 Дата корректировки 20221122154856.7
010 Индекс ISBN __
a ISBN 978-5-91568-012-7
101 Язык документа __
a Язык текста rus
200 Заглавие и сведения об ответственности __
a Заглавие Этнография Симбирского - Ульяновского Поволжья
f Первые сведения об ответственности Е.Ю. Анисимова, З.Г. Баширова и другие ; ответственный редактор Л.П. Шабалина
b Общее обозначение материала Текст
203 Вид содержания и тип средства __
a Вид содержания Текст (визуальный) : непосредственный
210 Выходные данные __
a Место издания Ульяновск
c Издательство УлГПУ
d Дата издания 2007
215 Физическое описание __
a Объем 376 с.
686 Индексы других классификаций __
a Классификационный индекс 63.5
801 Источник записи _0
a Страна RU
b Организация RuCBSGrad
g Правила каталогизации PSBO
801 Источник записи _1
a Страна RU
b Организация RuCBSGrad
g Правила каталогизации PSBO
901 Тип документа __
t Тип документа m
981 __
b i
g e
2 isbdcontent
982 __
b n
2 isbdmedia
993 __
a 60925
b 34272
e 236320
f ЦГБ
h 240.00
i 236320
m 1
n 44278
o I
p 240.00
x 1
y 6
z 63.5